<?xml version="1.0" encoding="UTF-8"?>
<record
    xmlns:xsi="http://www.w3.org/2001/XMLSchema-instance"
    xsi:schemaLocation="http://www.loc.gov/MARC21/slim http://www.loc.gov/standards/marcxml/schema/MARC21slim.xsd"
    xmlns="http://www.loc.gov/MARC21/slim">

  <leader>01090aam a2200313 a 4500</leader>
  <controlfield tag="001">001335017</controlfield>
  <controlfield tag="003">AR-RoUNSC</controlfield>
  <controlfield tag="005">20251126141534.0</controlfield>
  <controlfield tag="008">150406s2024    ag     gr     000 f spa</controlfield>
  <datafield tag="020" ind1=" " ind2=" ">
    <subfield code="a">978-987-566-928-4</subfield>
  </datafield>
  <datafield tag="040" ind1=" " ind2=" ">
    <subfield code="a">AR-BaBN</subfield>
    <subfield code="b">spa</subfield>
    <subfield code="c">AR-RoUNCS</subfield>
    <subfield code="e">aacr</subfield>
  </datafield>
  <datafield tag="041" ind1="1" ind2=" ">
    <subfield code="a">spa</subfield>
    <subfield code="h">eng</subfield>
  </datafield>
  <datafield tag="044" ind1=" " ind2=" ">
    <subfield code="a">ag</subfield>
    <subfield code="c">ar-c</subfield>
  </datafield>
  <datafield tag="080" ind1="1" ind2=" ">
    <subfield code="a">82-31(410.1)</subfield>
    <subfield code="2">2016</subfield>
  </datafield>
  <datafield tag="100" ind1="1" ind2=" ">
    <subfield code="a">Orwell, George,</subfield>
    <subfield code="d">1903-1950</subfield>
    <subfield code="e">autor</subfield>
    <subfield code="4">aut</subfield>
  </datafield>
  <datafield tag="245" ind1="1" ind2="0">
    <subfield code="a">1984 /</subfield>
    <subfield code="c">George Orwell ; ep&#xED;logo de Thomas Pynchon ; traducci&#xF3;n de Miguel Temprano Garc&#xED;a.</subfield>
  </datafield>
  <datafield tag="246" ind1="2" ind2="3">
    <subfield code="a">Mil novecientos ochenta y cuatro</subfield>
  </datafield>
  <datafield tag="250" ind1=" " ind2=" ">
    <subfield code="a">18a ed. bajo este sello en la Argentina.</subfield>
  </datafield>
  <datafield tag="260" ind1=" " ind2=" ">
    <subfield code="a">Buenos Aires :</subfield>
    <subfield code="b">Debolsillo,</subfield>
    <subfield code="c">2024.</subfield>
  </datafield>
  <datafield tag="300" ind1=" " ind2=" ">
    <subfield code="a">349 p. ;</subfield>
    <subfield code="c">20 cm.</subfield>
  </datafield>
  <datafield tag="490" ind1="1" ind2=" ">
    <subfield code="a">Contempor&#xE1;nea</subfield>
  </datafield>
  <datafield tag="504" ind1=" " ind2=" ">
    <subfield code="a">Referencias bibliogr&#xE1;ficas del "Ep&#xED;logo": p. [350].</subfield>
  </datafield>
  <datafield tag="650" ind1=" " ind2="7">
    <subfield code="2">embne</subfield>
    <subfield code="a">LITERATURA INGLESA</subfield>
    <subfield code="y">SIGLO XX</subfield>
  </datafield>
  <datafield tag="655" ind1=" " ind2="7">
    <subfield code="2">embne</subfield>
    <subfield code="a">NOVELA DIST&#xD3;PICA</subfield>
  </datafield>
  <datafield tag="700" ind1="1" ind2=" ">
    <subfield code="a">Pynchon, Thomas,</subfield>
    <subfield code="d">1937-</subfield>
    <subfield code="e">autora de ep&#xED;logo</subfield>
    <subfield code="4">aft</subfield>
  </datafield>
  <datafield tag="700" ind1="1" ind2=" ">
    <subfield code="a">Temprano Garc&#xED;a, Miguel,</subfield>
    <subfield code="d">1968-</subfield>
    <subfield code="e">traductor</subfield>
    <subfield code="4">trl</subfield>
  </datafield>
  <datafield tag="830" ind1=" " ind2="0">
    <subfield code="a">Contempor&#xE1;nea (Debolsillo)</subfield>
  </datafield>
  <datafield tag="942" ind1=" " ind2=" ">
    <subfield code="2">udc</subfield>
    <subfield code="c">LPD</subfield>
    <subfield code="n">0</subfield>
  </datafield>
  <datafield tag="999" ind1=" " ind2=" ">
    <subfield code="c">782</subfield>
    <subfield code="d">782</subfield>
  </datafield>
  <datafield tag="952" ind1=" " ind2=" ">
    <subfield code="0">0</subfield>
    <subfield code="1">0</subfield>
    <subfield code="2">udc</subfield>
    <subfield code="4">0</subfield>
    <subfield code="7">0</subfield>
    <subfield code="8">CG</subfield>
    <subfield code="a">ESOCIALES</subfield>
    <subfield code="b">ESOCIALES</subfield>
    <subfield code="d">2025-11-26</subfield>
    <subfield code="e">Compra 2025</subfield>
    <subfield code="l">1</subfield>
    <subfield code="o">82-312.4(410.1) OR79</subfield>
    <subfield code="p">001491</subfield>
    <subfield code="r">2026-05-05 13:31:21</subfield>
    <subfield code="s">2026-03-26</subfield>
    <subfield code="w">2025-11-26</subfield>
    <subfield code="y">LPD</subfield>
  </datafield>
</record>
